Politické strany moderní Evropy analýza stranicko-politických systémů

Salvato in:
Dettagli Bibliografici
Natura: Libro
Lingua:ceco
Pubblicazione: Praha Portál 2005
Soggetti:
Tags: Aggiungi Tag
Nessun Tag, puoi essere il primo ad aggiungerne!!

MARC

LEADER 00000nam$a2200000$$$4500
001 0046972
005 20221129082857.6
020 |a 80-7367-038-0 
041 0 |a cze 
044 |a CZ 
245 1 0 |a Politické strany moderní Evropy  |b analýza stranicko-politických systémů 
264 1 |a Praha  |b Portál  |c 2005 
300 |a 727 s. 
610 2 0 |a strany politické 
610 2 0 |a Európa 
610 2 0 |a systémy politické 
610 2 0 |a moc politická 
610 2 0 |a vývoj politický 
610 2 0 |a politika 
610 2 0 |a porovnanie medzinárodné